000
00317nam a22001457a 4500
008
210512b ||||| |||| 00| 0 eng d
020
_a
9780393924565
041
_a
eng
080
_a
82
082
_a
82
100
_a
21
101
_a
GJL
245
_a
The Norton Anthology of World Literature
942
_2
udc
_c
BK
999
_c
57294
_d
57294